Cubbitt Building and Interiors Ltd v Fleetglade Ltd (Record no. 78543)
[ view plain ]
| 000 -LEADER | |
|---|---|
| fixed length control field | 01978cab a22001935a 4500 |
| 001 - CONTROL NUMBER | |
| control field | L137086 |
| 008 - FIXED-LENGTH DATA ELEMENTS--GENERAL INFORMATION | |
| fixed length control field | 070313e2006 xxk 000 0 eng d |
| 035 ## - SYSTEM CONTROL NUMBER | |
| System control number | (Sirsi) u137086 |
| 041 ## - LANGUAGE CODE | |
| Language code of text/sound track or separate title | eng |
| 245 ## - TITLE STATEMENT | |
| Title | Cubbitt Building and Interiors Ltd v Fleetglade Ltd |
| Medium | [electronic resource] |
| 260 ## - PUBLICATION, DISTRIBUTION, ETC. | |
| Date of publication, distribution, etc. | 2006 |
| 520 ## - SUMMARY, ETC. | |
| Summary, etc. | [2006] EWHC 3413 (TCC), 21 December 2006. Concerned an adjudication under the JCT adjudication procedure in JCT Standard Form of Building Contract (1998 Edition) and considered both the late service of the referral and the validity of the adjudicator's decision issued a day later than the extended date. Claimant contractors (C) were engaged to carry out the superstructure works at the defendant's (F's) site. Both parties disputed the final certificate, issued by PSP Consultants, and C referred the matter to adjudication. The nominating body, RICS, was slow in securing the appointment of the adjudicator, and F claimed the adjudicator had no jurisdiction. Subsequently, the adjudicator emailed his decision a day after the agreed extended date. F contended the decision was reached out of time and was therefore void and C submitted that the decision was valid. "Held": the adjudicator's decision was enforced. The referral notice was valid and the adjudicator had jurisdiction. In addition, although the adjudicator had no right to delay the completion of his decision in relation to his fees, the adjudicator's decision had been completed in the agreed timescale. |
| 650 24 - SUBJECT ADDED ENTRY--TOPICAL TERM | |
| Topical term or geographic name entry element | CUBBITT BUILDING AND INTERIORS LTD V FLEETGLADE LTD |
| 650 24 - SUBJECT ADDED ENTRY--TOPICAL TERM | |
| Topical term or geographic name entry element | JCT STANDARD FORM OF BUILDING CONTRACT (1998 EDITION) |
| 651 #4 - SUBJECT ADDED ENTRY--GEOGRAPHIC NAME | |
| Geographic name | England and Wales |
| Chronological subdivision | 1543- |
| 690 ## - LOCAL SUBJECT ADDED ENTRY--TOPICAL TERM (OCLC, RLIN) | |
| Topical term or geographic name as entry element | MANAGEMENT-DISPUTE AVOIDANCE, MANAGEMENT AND RESOLUTION-DISPUTE MANAGEMENT AND RESOLUTION-ALTERNATIVE DISPUTE RESOLUTION-ADJUDICATION |
| 856 40 - ELECTRONIC LOCATION AND ACCESS | |
| Uniform Resource Identifier | <a href="https://www.bailii.org/cgi-bin/markup.cgi?doc=/ew/cases/EWHC/TCC/2006/3413.html">https://www.bailii.org/cgi-bin/markup.cgi?doc=/ew/cases/EWHC/TCC/2006/3413.html</a> |
| Public note | View the judgment free of charge at www.bailii.org... |
| 942 ## - ADDED ENTRY ELEMENTS (KOHA) | |
| Suppress in OPAC | 0 |
| Withdrawn status | Lost status | Source of classification or shelving scheme | Damaged status | Not for loan | Home library | Current library | Shelving location | Date acquired | Total Checkouts | Full call number | Barcode | Date last seen | Copy number | Price effective from | Koha item type |
|---|---|---|---|---|---|---|---|---|---|---|---|---|---|---|---|
| Dewey Decimal Classification | Virtual | Virtual | Online | 13/03/2007 | ONLINE PUBLICATION | 137086-2001 | 06/08/2019 | 1 | 06/08/2019 | Law report |